LEADER 00996nam a2200229 i 4500 001 000000034263 003 CaOOAMICUS 005 20250707143903.0 008 931231s1992 it u000 u ita u 040 $aSeMil$bita 110 0 $aIstituto nazionale dell'informazione .$0(OLS)http://semarc/name/15678 245 10$aDOC Italia 1992-93 :$bannuario degli enti di studio, ricerca, cultura e informazione. 250 $a6. Ed. 264 1$aRoma :$bEditoriale Italiana,$c1992. 300 $a1631 p. ;$c23 cm 650 4$aItalia - Enti di studio, cultura e ricerca - Annuari.$0(OLS)http://semarc/subject/58094 850 $aSeMil 852 $aSeMil$W1$xVenegono$y1$m3M V 269$j259216$B418$CSeMilBibl$Z2$F418 $8I 961 $aAcquisto: Casa editrice 996 $6245$aDOC Italia 1992-93 :$bannuario degli enti di studio, ricerca, cultura e informazione$9(OLS)http://semarc/title/46254 996 $6264$aRoma :$bEditoriale Italiana$9(OLS)http://semarc/publisher/39749 LEADER 00686naa a2200145 i 4500 001 000000301571 003 CaOOAMICUS 005 20180831172725.0 008 180831n xx u000 u und u 013 $a9300 040 $aSeMil$bita 100 1 $aAttorre, Lucio.$0(OLS)http://semarc/name/86567 245 10$aAspetti socio-religiosi e giuridico-istituzionali nei processi ci 16. e 17. secolo :$batti. 773 0 $aIstituto nazionale dell'informazione $tRepubblica italiana, 1948-1998.$dRoma : Editoriale Italiana, 2000.$z88-86922-11-6$z9788886922111$w()35474 996 $6245$aAspetti socio-religiosi e giuridico-istituzionali nei processi ci 16. e 17. secolo :$batti$9(OLS)http://semarc/title/377566